[Event "GER-chA Seniors 26th"]
[Site "Bad Neuenahr"]
[Date "2014.08.11"]
[Round "7"]
[White "Wozny, Michael"]
[Black "Neumeister, Herbert D"]
[Result "1-0"]
[WhiteElo "2038"]
[BlackElo "1949"]
[PlyCount "69"]
[EventDate "2014.08.05"]
[EventType "swiss"]
[EventRounds "9"]
[EventCountry "GER"]
[SourceTitle "EXT 2018"]
[Source "ChessBase"]
[SourceDate "2017.10.13"]
[SourceVersion "1"]
[SourceVersionDate "2017.10.13"]
[SourceQuality "1"]

1. d4 d5 2. g3 Nf6 3. Bg2 c6 4. Nf3 Bf5 5. 0-0 e6 6. c3 h6 7. Bf4 Nbd7 8. Nbd2 Be7 9. Re1 Ne4 10. Nf1 Ndf6 11. N3d2 g5 12. Be5 Bd6 13. Nxe4 dxe4 14. Qb3 Rb8 15. Ne3 Qe7 16. Nc4 Bc7 17. e3 0-0 18. Bxf6 Qxf6 19. Nd2 h5 20. Qd1 Qg6 21. Qc2 h4 22. Bxe4 hxg3 23. hxg3 Kg7 24. Bxf5 exf5 25. Kg2 g4 26. Rh1 Rh8 27. Rag1 Qg5 28. Qd3 Rh3 29. Rxh3 gxh3+ 30. Kh2 Qh5 31. e4 Re8 32. e5 Kh8 33. Qf3 Qg5 34. Qf4 Qh5 35. Qh4 1-0

[Event "Bayern-ch op Seniors 26th"]
[Site "Bergen"]
[Date "2014.06.28"]
[Round "9"]
[White "Neumeister, Herbert D"]
[Black "Weyand, Fernand"]
[Result "1-0"]
[WhiteElo "1716"]
[BlackElo "1587"]
[PlyCount "43"]
[EventDate "2014.06.21"]
[EventType "swiss"]
[EventRounds "7"]
[EventCountry "GER"]
[SourceTitle "EXT 2018"]
[Source "ChessBase"]
[SourceDate "2017.10.13"]
[SourceVersion "1"]
[SourceVersionDate "2017.10.13"]
[SourceQuality "1"]

1. d4 Nf6 2. Nf3 e6 3. e3 d5 4. Bd3 c5 5. b3 cxd4 6. exd4 Nc6 7. 0-0 Be7 8. Bb2 Nb4 9. Be2 b6 10. a3 Nc6 11. Bd3 Bb7 12. Nbd2 0-0 13. Ne5 Qc7 14. Re1 a5 15. Ndf3 Ba6 16. c4 Rfd8 17. Rc1 Bb7 18. Qe2 Rac8 19. cxd5 Rxd5 20. Nxc6 Bxc6 21. Ne5 Qb7 22. Ba6 1-0

[Event "Bayern-ch op Seniors 26th"]
[Site "Bergen"]
[Date "2014.06.22"]
[Round "3"]
[White "Kochseder, Georg"]
[Black "Neumeister, Herbert D"]
[Result "1-0"]
[WhiteElo "1892"]
[BlackElo "1716"]
[PlyCount "113"]
[EventDate "2014.06.21"]
[EventType "swiss"]
[EventRounds "7"]
[EventCountry "GER"]
[SourceTitle "EXT 2018"]
[Source "ChessBase"]
[SourceDate "2017.10.13"]
[SourceVersion "1"]
[SourceVersionDate "2017.10.13"]
[SourceQuality "1"]

1. e4 c5 2. Nf3 Nc6 3. b3 e5 4. Nc3 Nf6 5. h3 d6 6. Bb5 Bd7 7. 0-0 a6 8. Bxc6 Bxc6 9. d3 b5 10. Ne2 Be7 11. c4 0-0 12. Ng3 g6 13. Bh6 Re8 14. Nh2 Bf8 15. Qd2 Kh8 16. Bxf8 Rxf8 17. f4 Rg8 18. Qf2 Nd7 19. f5 g5 20. Nh5 Qf8 21. Ng4 f6 22. Ne3 Qf7 23. g4 Nb6 24. Rab1 Be8 25. Qd2 b4 26. a4 a5 27. Kg2 Qf8 28. Ng3 Ra7 29. Rh1 h6 30. Qd1 Rh7 31. Rb2 Kg7 32. Kf3 Rgh8 33. Rbh2 h5 34. Kg2 h4 35. Ngf1 Bc6 36. Qc2 Kh6 37. Nd2 Qd8 38. Kf3 Rb7 39. Ra1 Rf8 40. Rhh1 Kg7 41. Rhd1 Kh6 42. Ke2 Kg7 43. Nf3 Kh6 44. Rd2 Qe7 45. Rdd1 Kg7 46. Qd2 Qd7 47. Kf2 Kh6 48. Qc1 Kg7 49. Rg1 Rbb8 50. Rd1 Qb7 51. Nd5 Rfd8 52. Nxf6 Kxf6 53. Qxg5+ Kf7 54. Qg6+ Kf8 55. Ng5 Be8 56. Nh7+ Ke7 57. Qe6# 1-0

[Event "GER-ch Seniors 23rd"]
[Site "Halle"]
[Date "2011.08.08"]
[Round "4"]
[White "Miessner, Rolf"]
[Black "Neumeister, Herbert D"]
[Result "1/2-1/2"]
[WhiteElo "1782"]
[BlackElo "1949"]
[PlyCount "31"]
[EventDate "2011.08.05"]
[EventType "swiss"]
[EventRounds "9"]
[EventCountry "GER"]
[SourceTitle "CBM 144 Extra"]
[Source "ChessBase"]
[SourceDate "2011.10.28"]
[SourceVersion "1"]
[SourceVersionDate "2011.10.28"]
[SourceQuality "1"]

1. e4 c5 2. c3 Qa5 3. Nf3 Nc6 4. Be2 Nf6 5. Qc2 g6 6. 0-0 Bg7 7. d4 cxd4 8. Nxd4 d6 9. h3 a6 10. Be3 Bd7 11. Nd2 Rc8 12. Nc4 Qc7 13. Nf3 b5 14. Nb6 Rb8 15. Nxd7 Nxd7 16. Rac1 1/2-1/2

[Event "GER-ch Seniors 23rd"]
[Site "Halle"]
[Date "2011.08.06"]
[Round "2"]
[White "Ackermann, Hans Christian"]
[Black "Neumeister, Herbert D"]
[Result "0-1"]
[WhiteElo "1826"]
[BlackElo "1949"]
[PlyCount "106"]
[EventDate "2011.08.05"]
[EventType "swiss"]
[EventRounds "9"]
[EventCountry "GER"]
[SourceTitle "CBM 144 Extra"]
[Source "ChessBase"]
[SourceDate "2011.10.28"]
[SourceVersion "1"]
[SourceVersionDate "2011.10.28"]
[SourceQuality "1"]

1. e4 c5 2. f4 d6 3. Nf3 Nc6 4. c3 Nf6 5. Qc2 e6 6. d4 cxd4 7. cxd4 Bd7 8. a3 Rc8 9. Nc3 a6 10. Bd3 Qb6 11. Be3 e5 12. fxe5 dxe5 13. Qe2 Nxd4 14. Nxd4 exd4 15. Bf2 Bc5 16. Nd5 Qd8 17. Nxf6+ Qxf6 18. 0-0 0-0 19. Bg3 Qe7 20. Qh5 g6 21. Qh6 f6 22. Rae1 Bd6 23. Rf3 Be5 24. Bf4 Qg7 25. Kh1 Bxf4 26. Qxf4 Be6 27. Rg3 b5 28. h4 Bc4 29. Bb1 Rcd8 30. Rd1 Qe7 31. Qf2 Qe5 32. b3 Qh5 33. Rd2 Be6 34. Rgd3 Qe5 35. Rxd4 Rxd4 36. Rxd4 Bxb3 37. Qd2 Bc4 38. Rd7 Rf7 39. Rd6 a5 40. Rd8+ Kg7 41. Ra8 a4 42. Rd8 Qe7 43. Rd6 Qe5 44. Rd7 Qg3 45. Rxf7+ Bxf7 46. Kg1 Qxa3 47. Bd3 Qc5+ 48. Kf1 b4 49. g4 b3 50. g5 Qe5 51. gxf6+ Qxf6+ 52. Qf2 Qxf2+ 53. Kxf2 a3 0-1

[Event "GER-ch Seniors 22nd"]
[Site "Berlin"]
[Date "2010.08.17"]
[Round "2"]
[White "Thonig, Manfred"]
[Black "Neumeister, Herbert D"]
[Result "0-1"]
[WhiteElo "1588"]
[BlackElo "1795"]
[PlyCount "52"]
[EventDate "2010.08.16"]
[EventType "swiss"]
[EventRounds "9"]
[EventCountry "GER"]
[SourceTitle "CBM 138 Extra"]
[Source "ChessBase"]
[SourceDate "2010.10.29"]
[SourceVersion "1"]
[SourceVersionDate "2010.10.29"]
[SourceQuality "1"]

1. f4 d5 2. Nf3 Nf6 3. e3 Bg4 4. Be2 Nbd7 5. d4 e6 6. Nbd2 Bxf3 7. Nxf3 Bd6 8. 0-0 Ne4 9. Ne5 Ndf6 10. Bb5+ Kf8 11. g4 c6 12. Be2 g6 13. g5 Nd7 14. Bg4 Kg7 15. Qe1 h6 16. Nf3 hxg5 17. Ne5 f5 18. fxg5 Bxe5 19. dxe5 Qxg5 20. Rf4 fxg4 21. b3 g3 22. h4 Rxh4 23. Qf1 Nf2 24. Rxh4 Qxh4 25. Qg2 Nh3+ 26. Kf1 Rf8+ 0-1

[Event "GER-ch Seniors 21st"]
[Site "Dresden"]
[Date "2009.08.07"]
[Round "6"]
[White "Landgraf, Siegfried"]
[Black "Neumeister, Herbert D"]
[Result "1-0"]
[WhiteElo "2143"]
[BlackElo "2001"]
[PlyCount "73"]
[EventDate "2009.08.03"]
[EventType "swiss"]
[EventRounds "9"]
[EventCountry "GER"]
[SourceTitle "CBM 131 Extra"]
[Source "ChessBase"]
[SourceDate "2009.09.03"]
[SourceVersion "2"]
[SourceVersionDate "2009.09.16"]
[SourceQuality "1"]

1. Nf3 f5 2. d4 g6 3. g3 Nf6 4. c3 Bg7 5. Qb3 d5 6. Bg2 Nc6 7. Ne5 Ne4 8. f3 Nf6 9. Nxc6 bxc6 10. 0-0 0-0 11. Nd2 f4 12. gxf4 Kh8 13. e3 Nh5 14. Rd1 Qd6 15. Nf1 Bf5 16. Ng3 Nxg3 17. hxg3 h5 18. e4 dxe4 19. fxe4 Bg4 20. Rf1 Rab8 21. Qc4 Be6 22. Qe2 Bg4 23. Bf3 Bxf3 24. Rxf3 e6 25. Be3 a5 26. Rf2 Bh6 27. Raf1 Rf7 28. g4 Rg8 29. Kh1 hxg4 30. Qxg4 Rh7 31. Rh2 g5 32. f5 exf5 33. Rxf5 a4 34. Kg1 Qe7 35. Re5 Qf6 36. Re6 Qg7 37. e5 1-0

[Event "GER-ch Seniors-A 20th"]
[Site "Erfurt"]
[Date "2008.08.07"]
[Round "3"]
[White "Neumeister, Herbert D"]
[Black "Mueller, Rudolf"]
[Result "0-1"]
[WhiteElo "1865"]
[BlackElo "2107"]
[PlyCount "74"]
[EventDate "2008.08.05"]
[EventType "swiss"]
[EventRounds "9"]
[EventCountry "GER"]
[SourceTitle "CBM 126 Extra"]
[Source "ChessBase"]
[SourceDate "2008.11.05"]
[SourceVersion "1"]
[SourceVersionDate "2008.11.05"]
[SourceQuality "1"]

1. Nf3 Nf6 2. g3 b6 3. Bg2 Bb7 4. d3 d5 5. 0-0 c5 6. Nbd2 Nbd7 7. Re1 e5 8. e4 d4 9. Nc4 Qc7 10. a4 Ba6 11. Nh4 Bxc4 12. dxc4 g6 13. f4 Bd6 14. Bd2 a5 15. Nf3 0-0-0 16. fxe5 Nxe5 17. b3 h6 18. Nh4 Rde8 19. Re2 Kb8 20. c3 Neg4 21. Be1 Be5 22. Rb1 dxc3 23. Nf3 Rd8 24. Qc1 Bd4+ 25. Kh1 Rhe8 26. h3 Ne5 27. Qf4 Nh5 28. Qh4 Nd3 29. e5 Nxe5 30. Nxd4 Rxd4 31. Re4 Qd8 32. g4 Qxh4 33. Bxh4 Rxe4 34. Bxe4 Nf4 35. Re1 Ned3 36. Bxd3 Rxe1+ 37. Bxe1 Nxd3 0-1

[Event "GER-ch Seniors-A 20th"]
[Site "Erfurt"]
[Date "2008.08.06"]
[Round "2"]
[White "Neumeister, Herbert D"]
[Black "Klein, Leo"]
[Result "1-0"]
[WhiteElo "1865"]
[BlackElo "1906"]
[PlyCount "81"]
[EventDate "2008.08.05"]
[EventType "swiss"]
[EventRounds "9"]
[EventCountry "GER"]
[SourceTitle "CBM 126 Extra"]
[Source "ChessBase"]
[SourceDate "2008.11.05"]
[SourceVersion "1"]
[SourceVersionDate "2008.11.05"]
[SourceQuality "1"]

1. Nf3 d6 2. g3 c6 3. Bg2 e5 4. d3 Nf6 5. Nbd2 Be7 6. 0-0 Bg4 7. Re1 Nbd7 8. e4 0-0 9. Nf1 Nc5 10. Ne3 Bd7 11. b4 Na6 12. c3 Qc8 13. Nh4 g6 14. a3 Nc7 15. d4 Ng4 16. dxe5 dxe5 17. Nf3 a5 18. Nc4 axb4 19. Nb6 Nxf2 20. Nxc8 Nxd1 21. Nxe7+ Kg7 22. Rxd1 Bg4 23. h3 Bxf3 24. Bxf3 Rfd8 25. cxb4 Kf6 26. Nxc6 Rxd1+ 27. Bxd1 bxc6 28. Bb3 Ke7 29. Be3 Ne6 30. a4 Rb8 31. Bxe6 Kxe6 32. Bc5 Ra8 33. a5 f5 34. exf5+ gxf5 35. a6 Kd5 36. a7 f4 37. gxf4 exf4 38. Rd1+ Ke4 39. Kf2 Rg8 40. Rd7 f3 41. Re7+ 1-0

[Event "Bayern-ch Seniors 20th"]
[Site "Bergen"]
[Date "2008.06.13"]
[Round "7.10"]
[White "Neumeister, Herbert D"]
[Black "Wuensch, Ulrich"]
[Result "0-1"]
[WhiteElo "1776"]
[BlackElo "1975"]
[PlyCount "82"]
[EventDate "2008.06.07"]
[EventType "swiss"]
[EventRounds "9"]
[EventCountry "GER"]
[SourceTitle "EXT 2022"]
[Source "ChessBase"]
[SourceDate "2021.10.06"]
[SourceVersion "1"]
[SourceVersionDate "2021.10.06"]
[SourceQuality "1"]

1. d4 Nf6 2. Nf3 e6 3. c4 Bb4+ 4. Bd2 Qe7 5. Nc3 0-0 6. Qc2 d5 7. a3 Bxc3 8. Bxc3 a5 9. Nd2 Nbd7 10. g3 e5 11. cxd5 Nxd5 12. Bg2 Nxc3 13. bxc3 exd4 14. cxd4 Nf6 15. e3 c6 16. 0-0 Bg4 17. Nc4 h5 18. h3 Be6 19. Rfe1 Rfd8 20. Qc3 Qc7 21. e4 h4 22. Ne5 hxg3 23. fxg3 Qb6 24. Rad1 Nd7 25. Nf3 Nf6 26. Kh2 Rac8 27. Ng5 Bb3 28. Rd2 a4 29. Nf3 Re8 30. Ne5 Qc7 31. Rf2 Qe7 32. g4 c5 33. g5 cxd4 34. Qxd4 Nh5 35. Ng4 Qxa3 36. Ne3 Rcd8 37. Qc3 Qd6+ 38. Kg1 Qg3 39. Rf3 Qxg5 40. Rf5 Qh4 41. Ref1 Ng3 0-1

[Event "GER-ch Seniors Gp-A 19th"]
[Site "Templin"]
[Date "2007.08.26"]
[Round "4"]
[White "Weyrauch, Erich"]
[Black "Neumeister, Herbert D"]
[Result "1-0"]
[WhiteElo "2010"]
[BlackElo "1856"]
[PlyCount "68"]
[EventDate "2007.08.23"]
[EventType "swiss"]
[EventRounds "9"]
[EventCountry "GER"]
[SourceTitle "EXT 2022"]
[Source "ChessBase"]
[SourceDate "2021.10.06"]
[SourceVersion "1"]
[SourceVersionDate "2021.10.06"]
[SourceQuality "1"]

1. d4 Nf6 2. c4 c5 3. d5 b5 4. cxb5 a6 5. Nc3 d6 6. e4 g6 7. f4 Bg7 8. Nf3 Nbd7 9. Bd2 0-0 10. Be2 axb5 11. Bxb5 Ba6 12. Bxa6 Rxa6 13. 0-0 Qa8 14. Qc2 Rb8 15. Rad1 Nb6 16. h3 Na4 17. Nxa4 Rxa4 18. Rfe1 Rxa2 19. Bc3 Ne8 20. Re2 Bxc3 21. Qxc3 Nc7 22. Rdd2 Qa7 23. Qe3 Qa4 24. f5 Rb3 25. Qh6 Ne8 26. fxg6 hxg6 27. e5 dxe5 28. Nxe5 Rbxb2 29. Nc6 Ra1+ 30. Kh2 Rb7 31. Rxe7 Qxc6 32. dxc6 Rxe7 33. Rd7 Ree1 34. Qg5 Re5 1-0

[Event "GER-ch Seniors Gp-A 19th"]
[Site "Templin"]
[Date "2007.08.24"]
[Round "2"]
[White "Neumeister, Herbert D"]
[Black "Lueders, Guenter"]
[Result "1-0"]
[WhiteElo "1856"]
[BlackElo "1685"]
[PlyCount "66"]
[EventDate "2007.08.23"]
[EventType "swiss"]
[EventRounds "9"]
[EventCountry "GER"]
[SourceTitle "EXT 2022"]
[Source "ChessBase"]
[SourceDate "2021.10.06"]
[SourceVersion "1"]
[SourceVersionDate "2021.10.06"]
[SourceQuality "1"]

1. d4 d5 2. Nf3 Nf6 3. e3 Nbd7 4. Bd3 e6 5. Nbd2 Be7 6. 0-0 0-0 7. b3 b6 8. Ne5 Bb7 9. Bb2 Rc8 10. f4 c5 11. c4 cxd4 12. exd4 Rc7 13. Qe2 dxc4 14. bxc4 g6 15. Rad1 Qa8 16. Ndf3 Be4 17. Rde1 Bxd3 18. Qxd3 Ne8 19. d5 Nc5 20. Ng4 f6 21. Qd2 exd5 22. cxd5 Rd7 23. Rd1 Ne4 24. Qd3 Bc5+ 25. Kh1 N4d6 26. Nh6+ Kg7 27. Nd4 Bxd4 28. Bxd4 Qd8 29. Qh3 Nb5 30. Ng4 Nxd4 31. Rxd4 Rxd5 32. Rxd5 f5 33. Qc3+ Qf6 1-0

[Event "GER-ch Seniors 18th"]
[Site "Dresden"]
[Date "2006.07.27"]
[Round "6"]
[White "Neumeister, Herbert D"]
[Black "Schottenheim, Rolf"]
[Result "1/2-1/2"]
[WhiteElo "1769"]
[BlackElo "1718"]
[PlyCount "102"]
[EventDate "2006.07.22"]
[EventType "swiss"]
[EventRounds "9"]
[EventCountry "GER"]
[SourceTitle "EXT 2022"]
[Source "ChessBase"]
[SourceDate "2021.10.06"]
[SourceVersion "1"]
[SourceVersionDate "2021.10.06"]
[SourceQuality "1"]

1. d4 d6 2. Nf3 Nf6 3. c4 g6 4. Nc3 Nbd7 5. e4 e5 6. Be2 c6 7. 0-0 Bg7 8. Be3 0-0 9. Qd2 Re8 10. d5 cxd5 11. cxd5 a6 12. b4 Nh5 13. g3 Ndf6 14. Nh4 Bh3 15. Rfc1 Ng4 16. Bxg4 Bxg4 17. f3 Bd7 18. a4 f5 19. Bf2 Bf6 20. Ng2 Bg5 21. f4 Bh6 22. Re1 Rc8 23. Rac1 Rc4 24. Rb1 Qc7 25. Rec1 Rc8 26. Ne2 b5 27. Ne3 Rxc1+ 28. Rxc1 Qb7 29. a5 Nf6 30. exf5 Ne4 31. Qd1 gxf5 32. Kg2 Bg7 33. Bg1 Kf7 34. Rc2 Rxc2 35. Qxc2 h5 36. h3 Bf6 37. g4 Kg6 38. Ng3 exf4 39. gxf5+ Kh7 40. Qxe4 fxg3 41. Kxg3 Qc8 42. Qf3 Qe8 43. Ng2 Qe5+ 44. Nf4 Be8 45. Qd3 Qe1+ 46. Bf2 Qxb4 47. Qe2 Bf7 48. Ng6 Bxg6 49. fxg6+ Kxg6 50. Qe8+ Kg7 51. Qd7+ Kf8 1/2-1/2

[Event "Bayern-ch Seniors 18th"]
[Site "Schloss Schney"]
[Date "2006.06.28"]
[Round "4"]
[White "Alefs, Heinz"]
[Black "Neumeister, Herbert D"]
[Result "0-1"]
[WhiteElo "1643"]
[BlackElo "1753"]
[PlyCount "84"]
[EventDate "2006.06.25"]
[EventType "swiss"]
[EventRounds "9"]
[EventCountry "GER"]
[SourceTitle "EXT 2007"]
[Source "ChessBase"]
[SourceDate "2006.11.23"]
[SourceVersion "1"]
[SourceVersionDate "2006.11.23"]
[SourceQuality "1"]

1. d4 Nf6 2. Nf3 g6 3. e3 Bg7 4. Bd3 0-0 5. 0-0 d6 6. Nbd2 Nbd7 7. e4 e5 8. c3 c6 9. Re1 Qc7 10. Nf1 Re8 11. Bg5 Nf8 12. h3 Ne6 13. Qd2 Nxg5 14. Qxg5 Nh5 15. Bc4 Nf4 16. dxe5 dxe5 17. Qh4 h6 18. g4 b5 19. Bb3 c5 20. c4 a6 21. Ne3 Bb7 22. Nd5 Nxd5 23. cxd5 c4 24. Bc2 Rad8 25. Qg3 Qd6 26. Nh4 Bc8 27. Qe3 Qf6 28. Ng2 Bf8 29. Rad1 Qd6 30. Re2 Qc5 31. Qd2 Rd6 32. Kh2 Rf6 33. Kg3 Kh7 34. h4 Rd6 35. Rh1 Qa7 36. h5 Qd7 37. f3 Rf6 38. Rf2 Bc5 39. Rff1 Rxf3+ 40. Kh2 Rh3+ 41. Kxh3 Qxg4+ 42. Kh2 Qh3# 0-1

[Event "Bayern-ch Seniors 18th"]
[Site "Schloss Schney"]
[Date "2006.06.27"]
[Round "3"]
[White "Neumeister, Herbert D"]
[Black "Van Bellen, Hendrik"]
[Result "1/2-1/2"]
[WhiteElo "1753"]
[BlackElo "1731"]
[PlyCount "55"]
[EventDate "2006.06.25"]
[EventType "swiss"]
[EventRounds "9"]
[EventCountry "GER"]
[SourceTitle "EXT 2007"]
[Source "ChessBase"]
[SourceDate "2006.11.23"]
[SourceVersion "1"]
[SourceVersionDate "2006.11.23"]
[SourceQuality "1"]

1. d4 f5 2. g3 g6 3. Bg2 Bg7 4. c4 c6 5. Nc3 d6 6. Nf3 Nh6 7. 0-0 Nf7 8. Ng5 Nxg5 9. Bxg5 0-0 10. d5 h6 11. Be3 c5 12. Qd2 Kh7 13. f4 Nd7 14. Bf2 Nf6 15. Kh1 Bd7 16. e4 fxe4 17. Nxe4 b5 18. cxb5 Bxb5 19. Rfe1 Rb8 20. Rab1 Bd7 21. b3 Bf5 22. Nxf6+ Bxf6 23. Rbc1 Qd7 24. Rc4 Rb7 25. Bf3 h5 26. Be4 Rfb8 27. Bxf5 Qxf5 28. Kg2 1/2-1/2